Legend of Zelda Characters - Sudden Death - Statistics

General Stats
  • This quiz has been taken 68 times
  • The average score is 9 of 14
Answers on the Grid
Answers color-coded by a green-red scale on the quiz's grid according to % correct below.
Zelda
Onox
Sheik
Beatle
Link
Epona
Yunobo
Gannondwarf
Gannon
Minda
Dark Link
Sidon
Zant
Auron
Yuna
Cloud Strife
Firion
Kratos
Solid Snake
Samus
Arthur Morgan
Aloy
Ryu
Alucard
Akuma
Sam Fisher
Chun Li
Urbosa
 
Answer Stats
Answer % Correct
Zelda
90%
Link
88%
Dark Link
85%
Sheik
83%
Epona
77%
Gannon
73%
Yunobo
73%
Sidon
71%
Urbosa
71%
Zant
63%
Minda
50%
Beatle
40%
Gannondwarf
31%
Onox
21%
No matching quizzes found
Score Distribution
Percent of People with Each Score
Percentile by Number Answered
Your Score History
You have not taken this quiz